[Event "AUTO-INT-1668"]
[Site "http://www.queenalice.com/game.php?id=758596"]
[Date "2010.4.9"]
[Round "1"]
[White "AndThenThereWasH"]
[Black "HolyPhoenix"]
[Result "1-0"]
[WhiteElo "1746"]
[BlackElo "1561"]

1. d4 d5 2. c4 Nf6 3. cxd5 Nxd5 4. e4 Nb4 5. Qa4+ N4c6 6. d5 b5 7. Bxb5 a6 8.
Bxc6+ Bd7 9. Bxd7+ Nxd7 10. Nf3 e5 11. dxe6 fxe6 12. Nc3 Bd6 13. Bg5 Be7 14. Be3
Kf8 15. Rd1 Bd6 16. e5 Nc5 17. Bxc5 Rb8 18. exd6 cxd6 19. Rxd6 Qe7 20. Rc6 Qxc5
21. Rxc5 Rb7 22. Rc8+ Ke7 23. Rxh8 h6 24. Ne4 Rb8 25. Rxb8 e5 26. Qe8# 1-0

[Event "AUTO-INT-1668"]
[Site "http://www.queenalice.com/game.php?id=758597"]
[Date "2010.4.9"]
[Round "1"]
[White "HolyPhoenix"]
[Black "AndThenThereWasH"]
[Result "0-1"]
[WhiteElo "1546"]
[BlackElo "1757"]

1. e4 c5 2. d4 cxd4 3. Qxd4 Nc6 4. Qc4 e6 5. Nf3 Nf6 6. e5 Nxe5 7. Nxe5 Qa5+ 8.
Bd2 Qxe5+ 9. Be2 Qxb2 10. Bc3 Qc1+ 11. Bd1 Be7 12. O-O Qg5 13. Na3 Bxa3 14. Rb1
O-O 15. Rb3 d5 16. Qd4 Bd6 17. Bb4 Bxb4 18. Rxb4 b6 19. Bf3 Ba6 20. Rd1 Rfc8 21.
Rb2 e5 22. Qd2 Qxd2 23. Rxd2 e4 24. Bd1 Rc5 25. a3 Rb5 0-1

[Event "AUTO-INT-1668"]
[Site "http://www.queenalice.com/game.php?id=758608"]
[Date "2010.4.9"]
[Round "1"]
[White "revival"]
[Black "HolyPhoenix"]
[Result "1-0"]
[WhiteElo "1737"]
[BlackElo "1574"]

1. e4 e5 2. Nf3 Nc6 3. Bb5 Nf6 4. O-O Bc5 5. c3 Ne7 6. Nxe5 Bd6 7. d4 Nxe4 8.
Re1 Nf6 9. Nc4 c6 10. Nxd6+ Kf8 11. Bc4 Nfd5 12. Qf3 f6 13. Bg5 Qc7 14. Nxc8
Rxc8 15. Nd2 Ke8 16. Bxd5 cxd5 17. Qe3 Qd6 18. Bf4 Qe6 19. Qxe6 dxe6 20. Rxe6
Kf7 21. Rae1 Rc7 22. Bxc7 Re8 23. Bd6 Nf5 24. Rxe8 Kg6 25. Bf4 Kf7 26. g4 Nh4
27. Bg3 g5 28. Bxh4 gxh4 29. f4 f5 30. h3 h5 31. gxh5 Kg7 32. R1e6 Kf7 33. h6 b5
34. h7 a5 35. h8=Q b4 36. Qh7# 1-0

[Event "AUTO-INT-1668"]
[Site "http://www.queenalice.com/game.php?id=758609"]
[Date "2010.4.9"]
[Round "1"]
[White "HolyPhoenix"]
[Black "revival"]
[Result "0-1"]
[WhiteElo "1584"]
[BlackElo "1691"]

1. e4 c6 2. d4 d5 3. e5 Bf5 4. Nf3 e6 5. Ng5 h6 6. Qh5 Bg6 7. Qf3 hxg5 8. Qg3
Be7 9. Nc3 Nh6 10. Bxg5 Bxg5 11. Be2 Nf5 12. Qd3 Ne3 13. fxe3 Bxd3 14. Bxd3 Bxe3
15. Nd1 Bxd4 16. g3 Qg5 17. c3 Bxe5 18. Rf1 Rxh2 19. Rf3 Bxg3+ 20. Nf2 Bxf2+ 21.
Rxf2 Qg3 22. Kd1 Qxf2 23. Be2 Qxe2+ 24. Kc1 Qc2# 0-1

[Event "Challenge"]
[Site "http://www.queenalice.com/game.php?id=1616577"]
[Date "2020.6.14"]
[Round "-"]
[White "HolyPhoenix"]
[Black "ulisses67"]
[Result "0-1"]
[WhiteElo "1448"]
[BlackElo "1652"]

1. e4 e5 2. Nf3 Nc6 3. Bc4 Nf6 4. Nc3 Bc5 5. Ng5 d5 6. exd5 Na5 7. Bb3 Bg4 8. f3
Bh5 9. Qe2 Bd6 10. d4 Nxb3 11. cxb3 Nd7 12. dxe5 Bb4 13. e6 fxe6 14. Qxe6+ Be7
15. O-O Nc5 16. Qe5 Rg8 17. Re1 Qd7 18. Be3 Nd3 19. Qe4 Nxe1 20. Qxh7 Bf7 0-1

[Event "Challenge"]
[Site "http://www.queenalice.com/game.php?id=1616583"]
[Date "2020.6.14"]
[Round "-"]
[White "HolyPhoenix"]
[Black "ROYANDROLL"]
[Result "0-1"]
[WhiteElo "1546"]
[BlackElo "1456"]

1. e4 e5 2. Nf3 d6 3. Bc4 Bg4 4. Nc3 a6 5. Be2 c6 6. Ng1 Be6 7. Nf3 h6 8. Bd3 g5
9. h3 b5 10. b3 d5 11. Qe2 d4 12. Nb1 b4 13. Nxe5 f6 14. Nc4 h5 15. e5 f5 16.
Qf3 f4 17. Qxc6+ Nxc6 18. Bg6+ Bf7 19. Bf5 Nh6 20. Bd3 Bxc4 21. Bxc4 Nxe5 22.
Be2 h4 23. Bh5+ Nhf7 24. d3 Qc7 25. c4 bxc3 26. a4 Qe7 27. O-O Rxh5 28. Ba3 Qb7
29. b4 Bxb4 30. Bc1 Nxd3 31. Ra2 Qb6 32. g4 fxg3 33. fxg3 hxg3 34. Ba3 Bxa3 35.
Rxa3 Rxh3 36. a5 Qc6 37. Rf3 Qxf3 38. Ra2 Rh1# 0-1

[Event "Challenge"]
[Site "http://www.queenalice.com/game.php?id=1616646"]
[Date "2020.6.14"]
[Round "-"]
[White "HolyPhoenix"]
[Black "mikew"]
[Result "0-1"]
[WhiteElo "1440"]
[BlackElo "1398"]

1. e4 e5 2. Nf3 Nc6 3. Bc4 Nf6 4. Nc3 Bc5 5. Ng5 O-O 6. Nd5 Nxd5 7. Bxd5 Qxg5 8.
O-O Ne7 9. d4 Qg6 10. dxc5 c6 11. Bc4 Qxe4 12. Bd3 Qd4 13. Re1 Qxc5 0-1

[Event "Challenge"]
[Site "http://www.queenalice.com/game.php?id=1616650"]
[Date "2020.6.14"]
[Round "-"]
[White "HolyPhoenix"]
[Black "DAN1958"]
[Result "0-1"]
[WhiteElo "1478"]
[BlackElo "1385"]

1. e4 e5 2. Nf3 f6 3. Nc3 Ne7 4. Bc4 c6 5. d3 Ng6 6. Be3 b5 7. Bb3 a5 8. a3 Bd6
9. Ba2 Na6 10. O-O Qe7 0-1

[Event "Challenge"]
[Site "http://www.queenalice.com/game.php?id=1616656"]
[Date "2020.6.14"]
[Round "-"]
[White "HolyPhoenix"]
[Black "Nicole63"]
[Result "0-1"]
[WhiteElo "1440"]
[BlackElo "1036"]

1. e4 e5 2. Nf3 Nc6 3. Bc4 Bc5 4. d3 Nf6 5. Ng5 Ng4 6. Qxg4 O-O 7. Qf3 Qe7 8.
Nc3 h6 9. Nh3 Nd4 10. Qd1 d6 11. a3 Qh4 12. O-O b5 13. Bxb5 Bg4 14. f3 Bh5 15.
Nf2 Rac8 16. Re1 a5 17. Nd5 Rb8 18. Bc4 c6 19. Ne3 Rbd8 20. c3 Nxf3+ 21. Qxf3
Bxf3 0-1

[Event "Challenge"]
[Site "http://www.queenalice.com/game.php?id=1616660"]
[Date "2020.6.14"]
[Round "-"]
[White "HolyPhoenix"]
[Black "Nikita"]
[Result "0-1"]
[WhiteElo "1382"]
[BlackElo "1436"]

1. e4 e5 2. Nf3 d6 3. Bc4 Be6 4. Bxe6 fxe6 5. d3 h5 6. Ng5 Qd7 7. Qf3 Nf6 8. Nc3
Nc6 9. O-O Ng4 10. h3 Nf6 11. h4 Nd4 12. Qd1 d5 13. exd5 exd5 14. Re1 Qf5 15.
Be3 Bb4 16. Bxd4 Bxc3 0-1

[Event "Challenge"]
[Site "http://www.queenalice.com/game.php?id=1616661"]
[Date "2020.6.14"]
[Round "-"]
[White "HolyPhoenix"]
[Black "Rovigo"]
[Result "0-1"]
[WhiteElo "1410"]
[BlackElo "1440"]

1. e4 e5 2. Nf3 d6 3. Bc4 Be6 4. Bxe6 fxe6 5. Nc3 d5 6. Nxe5 Bb4 7. Nb1 Nc6 8.
Qh5+ g6 9. Qf3 Nxe5 10. Qb3 c5 11. O-O h5 12. d4 cxd4 13. Qxb4 b6 14. Qxd4 Qf6
15. Qa4+ Kf7 16. g3 h4 0-1

[Event "Challenge"]
[Site "http://www.queenalice.com/game.php?id=1616662"]
[Date "2020.6.14"]
[Round "-"]
[White "HolyPhoenix"]
[Black "jw16js"]
[Result "0-1"]
[WhiteElo "1526"]
[BlackElo "1538"]

1. e4 e5 2. Nf3 Bd6 3. Bc4 h6 4. Nc3 Nf6 5. d3 c6 6. h3 b5 7. Bb3 a5 8. a3 a4 9.
Ba2 Qb6 10. b4 Qa7 11. d4 exd4 12. Nxd4 Be5 13. Be3 c5 14. bxc5 Qxc5 15. O-O
Qxc3 16. Rb1 Qxa3 17. Bd5 Nxd5 18. exd5 Ba6 19. Nf5 d6 20. Ra1 Bxa1 21. Qe2 Be5
22. Bc1 Qc3 23. Re1 O-O 24. Ne7+ Kh7 25. Bd2 Qc7 26. Nf5 b4 27. Qe4 g6 28. Nh4
f5 29. Qxb4 Bc8 30. g3 a3 31. Qb3 a2 32. Qe3 a1=Q 33. Qxh6+ Kg8 34. Rxa1 Rxa1+
35. Kg2 Qh7 36. Qg5 Rf6 37. f4 Bd4 38. Be3 Bc3 39. Nf3 Qf7 40. g4 Qxd5 41. Qh4
fxg4 42. hxg4 Qb5 43. Qf2 Bxg4 44. Kg3 Qh5 45. Qh2 Bxf3 46. Qxh5 Bxh5 0-1

[Event "Challenge"]
[Site "http://www.queenalice.com/game.php?id=1616663"]
[Date "2020.6.14"]
[Round "-"]
[White "HolyPhoenix"]
[Black "Givanildo"]
[Result "0-1"]
[WhiteElo "1422"]
[BlackElo "1593"]

1. e4 d5 2. Bd3 dxe4 3. Bxe4 Nd7 4. Nf3 h6 5. Nc3 a6 6. d4 e6 7. O-O Bd6 8. d5
e5 9. Nd2 Ngf6 10. Bf5 Nc5 11. Bxc8 Rxc8 12. Re1 O-O 13. Nf3 e4 14. Nd2 h5 15.
Ndxe4 Ng4 16. h3 Qh4 0-1

[Event "Challenge"]
[Site "http://www.queenalice.com/game.php?id=1616667"]
[Date "2020.6.14"]
[Round "-"]
[White "HolyPhoenix"]
[Black "zubarev"]
[Result "0-1"]
[WhiteElo "1510"]
[BlackElo "1420"]

1. e4 e5 2. Nf3 Nc6 3. Bc4 Be7 4. Nc3 Nf6 5. Ng5 O-O 6. Qh5 Nxh5 7. Nf3 Nf6 8.
d3 d6 9. h3 Be6 10. Bxe6 fxe6 11. Bd2 Nd4 0-1

[Event "Challenge"]
[Site "http://www.queenalice.com/game.php?id=1616669"]
[Date "2020.6.14"]
[Round "-"]
[White "HolyPhoenix"]
[Black "Danado"]
[Result "0-1"]
[WhiteElo "1490"]
[BlackElo "1594"]

1. e4 e5 2. Nf3 Nc6 3. Bc4 Qf6 4. d3 h6 5. Nc3 Bc5 6. Nb5 Bd6 7. O-O a6 8. Nc3
Nge7 9. b3 Nd4 10. Nxd4 exd4 11. Ne2 b5 12. Bd5 c6 13. e5 Qxe5 14. Bf3 Bb7 0-1

[Event "Challenge"]
[Site "http://www.queenalice.com/game.php?id=1616670"]
[Date "2020.6.14"]
[Round "-"]
[White "HolyPhoenix"]
[Black "george941"]
[Result "0-1"]
[WhiteElo "1440"]
[BlackElo "1569"]

1. e4 e5 2. Nf3 Nc6 3. d3 Nf6 4. Nc3 Be7 5. Qd2 d5 6. exd5 Nxd5 7. d4 exd4 8.
Ne4 O-O 9. Nxd4 Re8 10. Ne2 Bf5 11. N4g3 Bb4 12. c3 Ba5 13. b4 Ndxb4 0-1